Yaratıcı hareket ve dans, (Record no. 15150)

MARC details
000 -BAŞLIK
Sabit Uzunlukta Kontrol Alanı 00962nam a22002777a 4500
999 ## - SİSTEM KONTROL NUMARALARI (KOHA)
Koha Biblionumber 15150
Koha Biblioitemnumber 15150
003 - KONTROL NUMARASI IDENTIFIER
Denetim Alanı MIRAKIL
005 - SON İŞLEM TARİHİ VE ZAMANI
Denetim Alanı 20230215132550.0
008 - SABİT-BOY VERİ ELEMANLARI - GENEL BİLGİLER
Sabit Uzunlukta Kontrol Alanı 230215b tu ||||| |||| 00| 0 tur d
020 ## - ULUSLARARASI STANDART KİTAP NUMARASI
Uluslararası Standart Kitap Numarası 9786053995036
040 ## - KATALOGLAMA KAYNAK
Orijinal Kataloglama Ajansı TR-AnCHP
Metne Dönüştürmek Ajansı TR-AnCHP
041 ## - DİL KODU
Metin / Ses Parça Veya Ayrı Başlığın Dil Kodu tur
082 ## - DEWEY ONLU SINIFLANDIRMA NUMARASI
Sınıflandırma Numarası 792.8
Ürün Numarası G26y 2018
100 ## - ANA GİRİŞ - KİŞİSEL İSİM
Kişisel Ad Garcia, Maria Elena
245 ## - BAŞLIK TABLOSU
Başlık Yaratıcı hareket ve dans,
Başlığın Kalan Garcia Plevin yöntemi /
Sorumluluk Tablosu, Vb Maria Elena Garcia, Marcia Plevin, Patrizia Macagno; çeviren : Ebru Salman
246 ## - UNVAN FORM VARYING
Başlık Doğru / Kısa Başlığı Garcia Plevin yöntemi
260 ## - YAYIN, DAĞITIM, VB
Yayın, Dağıtım, Vb Yeri İstanbul :
Yayıncı, Dağıtıcı, Vs Adı İstanbul Bilgi Üniversitesi,
Yayın, Dağıtım, Vb Tarihi 2018.
300 ## - FİZİKSEL TANIM
Kapsam 168 s.;
Boyutlar 23 sm.
490 0# - SERİSİ TABLOSU
Seri Beyanı İstanbul Bilgi Üniversitesi yayınları ;
-- Psikanaliz/Psikoloji ;
Hacim / Ardışık Tanımı 618.
-- 16.
504 ## - KAYNAKÇA VB NOT
Kaynakça Vb Notu Kaynakça ve dizin vardır.
650 #0 - KONU KATMA GİRİŞ - TOPİKAL DÖNEM
9 (RLIN) 7313
Topikal Süreli Veya Coğrafi Ad Giriş Elemanı Modern dans
700 ## - KATMA GİRİŞ - KİŞİSEL İSİM
9 (RLIN) 7311
Kişisel Ad Plevin, Marcia
700 ## - KATMA GİRİŞ - KİŞİSEL İSİM
9 (RLIN) 7312
Kişisel Ad Macagno, Patrizia
700 1# - KATMA GİRİŞ - KİŞİSEL İSİM
9 (RLIN) 1898
Kişisel Ad Salman, Ebru
Relator Terim çev.
740 ## - KATMA GİRİŞ - KONTROLSUZ İLGİLİ / ANALİTİK BAŞLIK
Kontrol Edilmeyen / İlgili Analitik Başlıktaki Garcia Plevin yöntemi
942 ## - EKLENDİ GİRİŞ ELEMANLARI (KOHA)
Sınıflandırma Veya Raf Düzeni Kaynak Dewey Decimal Classification
Koha Öğesi Türü Books
Holdings
Kalıcı Konum Mevcut Konum Edinme Tarihi Toplam Check-Out'Lar Tam Çağrı Numarası Barkod Tarih Son Görülme İtibaren Geçerli Fiyatlar Koha Öğesi Türü
CHP Kütüphanesi CHP Kütüphanesi 02/15/2023   792.8 G26y 2018 020721 02/15/2023 02/15/2023 Books